|
|
|
|
| LEADER |
01303cam a2200289 a 4500 |
| 001 |
28020 |
| 003 |
BD-DhAAL |
| 005 |
20190523123417.0 |
| 008 |
070514s2002 bg a b 000 0 eng |
| 999 |
|
|
|c 14329
|d 14329
|
| 010 |
|
|
|a 2003325952
|
| 020 |
|
|
|a 9843202996
|
| 040 |
|
|
|a DLC
|c DLC
|d BD-DhAAL
|
| 050 |
0 |
0 |
|a NA1510.8.B36
|b A87 2002
|
| 082 |
|
|
|2 23
|a 720.95492
|
| 100 |
1 |
|
|a Asraf, Kazi Khaleed.
|9 4434
|
| 245 |
1 |
0 |
|a Sherebanglanagar :
|b Louis Kahn and the making of a capital complex /
|c [text by] Kazi Khaleed Ashraf and Saif Ul Haque ; foreword by Stanley Tigerman.
|
| 260 |
|
|
|a Dhaka :
|b Loka Publications,
|c 2002.
|
| 300 |
|
|
|a 152 p. :
|b ill. (some col.) ;
|c 22 cm.
|
| 504 |
|
|
|a Includes bibliographical references (p. 150-151).
|
| 520 |
|
|
|a Collection of drawings and photographs on architecture of Dhaka, Bangladesh by Louis I. Kahn, 1901-1974; an exhibition held at Bangladesh National Museum, Dhaka from Aug. 17 - Sept. 9, 2002.
|
| 526 |
|
|
|a ARC
|
| 541 |
|
|
|e 28020
|
| 650 |
|
0 |
|a Architecture
|z Bangladesh
|z Dhaka
|v Designs and plans.
|9 4435
|
| 700 |
1 |
|
|a Haque, Saif Ul.
|9 4436
|
| 942 |
|
|
|2 ddc
|c BK
|
| 952 |
|
|
|0 0
|1 0
|2 ddc
|4 0
|6 720_954920000000000_ASR
|7 0
|9 24295
|a BRACUL
|b BRACUL
|c GEN
|d 2014-05-07
|e Zeenat Book Supply
|g 1800.00
|l 8
|m 78
|o 720.95492 ASR
|p 3010028020
|r 2023-01-03
|s 2022-12-08
|t 1
|w 2014-05-07
|y BK
|